000 01331cam a2200385Li 4500
001 73805
005 20230410130918.0
008 930219s1991 sp 000 j spa d
035 _a(OCoLC)ocn468192003
040 _aBDF
_bfre
_cBDF
016 7 _aFRBNF373764500000000
_2FrPBN
020 _a8420613932
020 _a9788420613932
035 _a(OCoLC)468192003
049 _aGRAL
050 1 4 _aPQ 7797
_bB616i 1991
082 0 0 _a863.44
100 1 _aBioy Casares, Adolfo,
_d1914-1999.
245 1 3 _aLa Invención de Morel /
_cAdolfo Bioy Casares ; prólogo de Jorge Luis Borges.
260 _aMadrid :
_bAlianza Emece,
_c1991.
300 _a126 p. :
_bcouv. ill. ;
_c18 cm.
490 0 _aEl libro de bolsillo/ 393
501 _aEmece Editores en El libro de bolsillo de Alianza Editorial
650 4 _aNovela argentina
650 _aCES
650 _aColección Enriquillo Sánchez.
700 1 _aBorges, Jorge Luis.
_4aui
760 0 _tEl libro de bolsillo. Sección Literatura
_x1579-1335
_g393
_w(FrPBN)34272142
856 4 2 _3Notice et cote du catalogue de la Bibliotháeque nationale de France
_uhttp://catalogue.bnf.fr/ark:/12148/cb37376450d
886 1 _2intermrc
_a009
_bax-f-l-------------
886 2 _2intermrc
_a917
_b--
_oGEA
_a00049675X
942 _2lcc
_cbk
994 _aC0
_bDRFGD
946 _aRdC
999 _c82615
_d82615